<?xml version="1.0" encoding="UTF-8"?>
<record
    xmlns:xsi="http://www.w3.org/2001/XMLSchema-instance"
    xsi:schemaLocation="http://www.loc.gov/MARC21/slim http://www.loc.gov/standards/marcxml/schema/MARC21slim.xsd"
    xmlns="http://www.loc.gov/MARC21/slim">

  <leader>03934nam a2200349 i 4500</leader>
  <controlfield tag="001">000017845</controlfield>
  <controlfield tag="003">DO-SdBNP</controlfield>
  <controlfield tag="005">20241101102639.0</controlfield>
  <controlfield tag="007">ta</controlfield>
  <controlfield tag="008">100406s2005    dr ac         000 0bspa d</controlfield>
  <datafield tag="020" ind1=" " ind2=" ">
    <subfield code="a">9993479608</subfield>
  </datafield>
  <datafield tag="040" ind1=" " ind2=" ">
    <subfield code="a">DO-SdBNP</subfield>
    <subfield code="b">spa</subfield>
    <subfield code="c">BNPHU</subfield>
    <subfield code="e">rda</subfield>
  </datafield>
  <datafield tag="041" ind1=" " ind2=" ">
    <subfield code="a">spa</subfield>
  </datafield>
  <datafield tag="082" ind1=" " ind2="4">
    <subfield code="a">923.57293</subfield>
    <subfield code="b">L986a 2005</subfield>
    <subfield code="2">22</subfield>
  </datafield>
  <datafield tag="245" ind1="0" ind2="0">
    <subfield code="a">Apoteosis del general Gregorio Luper&#xF3;n /</subfield>
    <subfield code="c">compilador Ricardo Limardo.</subfield>
  </datafield>
  <datafield tag="250" ind1=" " ind2=" ">
    <subfield code="a">Segunda edici&#xF3;n</subfield>
  </datafield>
  <datafield tag="264" ind1=" " ind2="1">
    <subfield code="a">Santo Domingo :</subfield>
    <subfield code="b">Comisi&#xF3;n Permanente de Efem&#xE9;rides Patrias,</subfield>
    <subfield code="c">2005.</subfield>
  </datafield>
  <datafield tag="300" ind1=" " ind2=" ">
    <subfield code="a">139 p&#xE1;ginas :</subfield>
    <subfield code="b">ilustraciones, retratos ;</subfield>
    <subfield code="c">23 cm.</subfield>
  </datafield>
  <datafield tag="336" ind1=" " ind2=" ">
    <subfield code="a">texto</subfield>
    <subfield code="b">txt</subfield>
    <subfield code="2">rdacontent</subfield>
  </datafield>
  <datafield tag="337" ind1=" " ind2=" ">
    <subfield code="a">sin mediaci&#xF3;n</subfield>
    <subfield code="b">n</subfield>
    <subfield code="2">rdamedia</subfield>
  </datafield>
  <datafield tag="338" ind1=" " ind2=" ">
    <subfield code="a">volumen</subfield>
    <subfield code="b">nc</subfield>
    <subfield code="2">rdacarrier</subfield>
  </datafield>
  <datafield tag="490" ind1="0" ind2=" ">
    <subfield code="a">Comisi&#xF3;n Permanente De Efem&#xE9;rides Patrias ;</subfield>
    <subfield code="v">3</subfield>
  </datafield>
  <datafield tag="500" ind1=" " ind2=" ">
    <subfield code="a">Incluye referencias bibliogr&#xE1;ficas y notas al pie de las p&#xE1;ginas.</subfield>
  </datafield>
  <datafield tag="505" ind1="0" ind2=" ">
    <subfield code="t">la apoteosis de un pr&#xF3;cer --</subfield>
    <subfield code="t">Gregorio Luper&#xF3;n --</subfield>
    <subfield code="t">Breves rasgos biogr&#xE1;ficos del General Gregorio Luper&#xF3;n --</subfield>
    <subfield code="g">Apoteosis del General Gregorio Luper&#xF3;n --</subfield>
    <subfield code="t">Moci&#xF3;n del senador Limardo --</subfield>
    <subfield code="t">Ley del Congreso Nacional --</subfield>
    <subfield code="t">Programa de actos oficiales con motivo de la Apoteosis del Gral. Gregorio Luper&#xF3;n --</subfield>
    <subfield code="g">Discurso del General Ricardo Limardo, Secretario de Estado de lo Interior, Policia, Guerra y Marina en el momento de exhumar los restos --</subfield>
    <subfield code="t">Discurso pronunciado por el Goberno de Puerto Plata, Sr. Luis Ginebra al iniciarse la procesi&#xF3;n c&#xED;vica celebrada en aquella ciudad, con motivo del traslado de los restos del Gral. Gregorio Luper&#xF3;n, a la Capilla de los Inmortales --</subfield>
    <subfield code="t">Discurso del se&#xF1;or Jorge de Lemos, Presidente del ayuntamiento de Puerto Plata, en la Apoteosis del Gral. Luper&#xF3;n --</subfield>
    <subfield code="t">Discurso pronunciado por el Pbro. Can. Lic. Rafael C. Castellanos en Puerto Plata, con motivo de la Apoteosis del General Gregorio Luper&#xF3;n --</subfield>
    <subfield code="t">Discurso pronunciado por el Comisionado, senador Dr. J. D. Alfonseca en el momento de recibir en Pto. Plata, los despojos del Benem&#xE9;rito General Gregorio Luper&#xF3;n, para conducirlos a esta capital --</subfield>
    <subfield code="t">Palabras pronunciadas por el se&#xF1;or On&#xE9;simo Jim&#xE9;nez al depositar a nombre de la com&#xFA;n Imbert, una corona sobre los restos mortales del egrerio Gral. Luper&#xF3;n el 14 de agosto de 1926 --</subfield>
    <subfield code="t">Palabras pronunciadas por el Pbro. Joaqu&#xED;n Rodr&#xED;guez, en ocasi&#xF3;n de ofrendar una corona en el acto de homenaje a los restos mortales del General Gregorio Luper&#xF3;n el d&#xED;a 14 de Agosto de 1926 --</subfield>
    <subfield code="t">Antes los restos de Gregorio Luper&#xF3;n --</subfield>
    <subfield code="t">Palabras del Lic. Manuel Ubaldo G&#xF3;mez, en el acto de Apoteosis al General Gregorio Luper&#xF3;n --</subfield>
    <subfield code="t">Discurso pronunciado por el Lic. Arturo Logro&#xF1;o ante los despojos del ilustre Gregorio Luper&#xF3;n, en la tarde de su Apoteosis, el 16 de Agosto de 1926 --</subfield>
    <subfield code="g">La prensa y la apoteosis --</subfield>
    <subfield code="t">De prensa --</subfield>
    <subfield code="t">De "El porvenir", Puerto Plata, R.D. --</subfield>
    <subfield code="g">Pr&#xF3;logo --</subfield>
  </datafield>
  <datafield tag="505" ind1="0" ind2=" ">
    <subfield code="t">Santiago rinde homenaje a su paso por esta ciudad, a los manes gloriosos del General Luper&#xF3;n --</subfield>
    <subfield code="t">Luper&#xF3;n en la Patria y en el coraz&#xF3;n de todos los dominicanos --</subfield>
    <subfield code="t">Las cenizas de Gregorio Luper&#xF3;n --</subfield>
    <subfield code="t">La Rep&#xFA;blica tributa la merecida Apoteosis al General Luper&#xF3;n --</subfield>
    <subfield code="t">La Apoteosisi del Gral. Luper&#xF3;n, grande de la Patria</subfield>
    <subfield code="t">Fiestas patrias. Apoteosis Luper&#xF3;n --</subfield>
    <subfield code="t">En el altar de la Patria --</subfield>
    <subfield code="t">Evocando y recordando a Luper&#xF3;n --</subfield>
    <subfield code="t">Luper&#xF3;n, pensador y soldado --</subfield>
    <subfield code="t">Los restos del General Luper&#xF3;n en la Capilla de los Inmortales de la Catedral de Santo Domingo --</subfield>
    <subfield code="t">El Presidente Machado, en mensaje cordial&#xED;simo Tributa la admiraci&#xF3;n de Cuba al Gral. Luper&#xF3;n y expresa al Presidente V&#xE1;squez las simpat&#xED;as de su pueblo en la fecha de nuestra Restauraci&#xF3;n --</subfield>
    <subfield code="t">Efusiva respuesta del Presidente V&#xE1;squez.</subfield>
  </datafield>
  <datafield tag="590" ind1=" " ind2=" ">
    <subfield code="a">Inventariado, 2020/VM</subfield>
  </datafield>
  <datafield tag="600" ind1="1" ind2="0">
    <subfield code="a">Luper&#xF3;n, Gregorio,</subfield>
    <subfield code="d">1839-1897</subfield>
    <subfield code="9">888</subfield>
  </datafield>
  <datafield tag="651" ind1=" " ind2="0">
    <subfield code="a">Rep&#xFA;blica Dominicana --</subfield>
    <subfield code="x">Historia --</subfield>
    <subfield code="y">1844-1930</subfield>
    <subfield code="9">1009</subfield>
  </datafield>
  <datafield tag="700" ind1="1" ind2=" ">
    <subfield code="a">Limardo, Ricardo,</subfield>
    <subfield code="e">compilador</subfield>
    <subfield code="4">comp.</subfield>
    <subfield code="9">38748</subfield>
  </datafield>
  <datafield tag="910" ind1=" " ind2=" ">
    <subfield code="a">Validado. Control de calidad MMOLINA</subfield>
  </datafield>
  <datafield tag="942" ind1=" " ind2=" ">
    <subfield code="2">ddc</subfield>
    <subfield code="c">LBS1</subfield>
  </datafield>
  <datafield tag="952" ind1=" " ind2=" ">
    <subfield code="0">0</subfield>
    <subfield code="1">0</subfield>
    <subfield code="2">ddc</subfield>
    <subfield code="5">6</subfield>
    <subfield code="7">0</subfield>
    <subfield code="8">DS</subfield>
    <subfield code="a">BNPHU</subfield>
    <subfield code="b">BNPHU</subfield>
    <subfield code="c">HD</subfield>
    <subfield code="d">2010-04-06</subfield>
    <subfield code="l">0</subfield>
    <subfield code="o">BNPHU DS 923.57293 L986a 2005</subfield>
    <subfield code="p">17845-30</subfield>
    <subfield code="r">2020-06-25</subfield>
    <subfield code="t">e. 3</subfield>
    <subfield code="w">2020-06-25</subfield>
    <subfield code="y">LBS1</subfield>
  </datafield>
  <datafield tag="952" ind1=" " ind2=" ">
    <subfield code="0">0</subfield>
    <subfield code="1">0</subfield>
    <subfield code="2">ddc</subfield>
    <subfield code="5">1</subfield>
    <subfield code="7">0</subfield>
    <subfield code="8">PD</subfield>
    <subfield code="a">BNPHU</subfield>
    <subfield code="b">BNPHU</subfield>
    <subfield code="c">HD</subfield>
    <subfield code="d">2010-04-06</subfield>
    <subfield code="l">0</subfield>
    <subfield code="o">BNPHU PD 923.57293 L986a 2005</subfield>
    <subfield code="p">17845-10</subfield>
    <subfield code="r">2020-06-25</subfield>
    <subfield code="w">2020-06-25</subfield>
    <subfield code="y">LBS1</subfield>
  </datafield>
  <datafield tag="952" ind1=" " ind2=" ">
    <subfield code="0">0</subfield>
    <subfield code="1">0</subfield>
    <subfield code="2">ddc</subfield>
    <subfield code="5">1</subfield>
    <subfield code="7">0</subfield>
    <subfield code="8">PD</subfield>
    <subfield code="a">BNPHU</subfield>
    <subfield code="b">BNPHU</subfield>
    <subfield code="c">HD</subfield>
    <subfield code="d">2010-04-06</subfield>
    <subfield code="l">0</subfield>
    <subfield code="o">BNPHU PD 923.57293 L986a 2005</subfield>
    <subfield code="p">17845-20</subfield>
    <subfield code="r">2020-06-25</subfield>
    <subfield code="t">e. 2</subfield>
    <subfield code="w">2020-06-25</subfield>
    <subfield code="y">LBS1</subfield>
  </datafield>
  <datafield tag="952" ind1=" " ind2=" ">
    <subfield code="0">0</subfield>
    <subfield code="1">0</subfield>
    <subfield code="2">ddc</subfield>
    <subfield code="5">6</subfield>
    <subfield code="7">0</subfield>
    <subfield code="8">DS</subfield>
    <subfield code="a">BNPHU</subfield>
    <subfield code="b">BNPHU</subfield>
    <subfield code="c">HD</subfield>
    <subfield code="d">2023-12-01</subfield>
    <subfield code="e">Donado por la Presidencia de la Rep&#xFA;blica Dominicana 2023</subfield>
    <subfield code="l">0</subfield>
    <subfield code="o">BNPHU DS 923.57293 L986a 2005</subfield>
    <subfield code="p">2024-6297</subfield>
    <subfield code="r">2024-10-31</subfield>
    <subfield code="t">e. 4</subfield>
    <subfield code="w">2024-10-31</subfield>
    <subfield code="y">LBS1</subfield>
    <subfield code="z">Perteneci&#xF3; a la biblioteca personal de Emilio Cordero Michel</subfield>
  </datafield>
  <datafield tag="952" ind1=" " ind2=" ">
    <subfield code="0">0</subfield>
    <subfield code="1">0</subfield>
    <subfield code="2">ddc</subfield>
    <subfield code="5">6</subfield>
    <subfield code="7">0</subfield>
    <subfield code="8">DS</subfield>
    <subfield code="a">BNPHU</subfield>
    <subfield code="b">BNPHU</subfield>
    <subfield code="c">HD</subfield>
    <subfield code="d">2023-12-01</subfield>
    <subfield code="e">Donado por la Presidencia de la Rep&#xFA;blica Dominicana 2023</subfield>
    <subfield code="l">0</subfield>
    <subfield code="o">BNPHU DS 923.57293 L986a 2005</subfield>
    <subfield code="p">2024-6298</subfield>
    <subfield code="r">2024-10-31</subfield>
    <subfield code="t">e. 5</subfield>
    <subfield code="w">2024-10-31</subfield>
    <subfield code="y">LBS1</subfield>
    <subfield code="z">Perteneci&#xF3; a la biblioteca personal de Emilio Cordero Michel</subfield>
  </datafield>
  <datafield tag="999" ind1=" " ind2=" ">
    <subfield code="c">17369</subfield>
    <subfield code="d">17369</subfield>
  </datafield>
</record>
